000 00941nam a22002537a 4500
999 _c64214
_d64214
005 20240530110720.0
008 180321s2017 ua ak g b 000 0 ara d
017 _a2016/27661
_bمصر. دار الكتب
020 _a9789773805128
040 _aEG-CaGPL
082 0 4 _221
_a371.33 /
_bر ل
100 0 _aرضوان عبد النعيم
245 1 0 _aاللوحات التعليمية /
_cرضوان عبد النعيم
250 _aط.1
260 _aالقاهرة :
_bدار العلوم للنشر والتوزيع ،
_c2017.
300 _a351 ص. :
_bايض ؛
_c24 سم.
504 _aيشتمل على ارجاعات ببليوجرافية
650 0 7 _aالوسائل التعليمية
650 0 7 _aتكنولوجيا التعليم
650 0 7 _aالتعليم
_xوسائل سمعية وبصرية
650 0 7 _aاللوحات التعليمية
942 _2ddc
_cBK